<?xml version="1.0" encoding="UTF-8"?><?xml-stylesheet type="text/xsl" href="static/style.xsl"?><OAI-PMH xmlns="http://www.openarchives.org/OAI/2.0/" xmlns:xsi="http://www.w3.org/2001/XMLSchema-instance" xsi:schemaLocation="http://www.openarchives.org/OAI/2.0/ http://www.openarchives.org/OAI/2.0/OAI-PMH.xsd"><responseDate>2026-06-29T07:29:54Z</responseDate><request verb="GetRecord" identifier="oai:docta.ucm.es:20.500.14352/103958" metadataPrefix="marc">https://docta.ucm.es/rest/oai/request</request><GetRecord><record><header><identifier>oai:docta.ucm.es:20.500.14352/103958</identifier><datestamp>2025-03-18T15:09:36Z</datestamp><setSpec>com_20.500.14352_14</setSpec><setSpec>col_20.500.14352_15</setSpec></header><metadata><record xmlns="http://www.loc.gov/MARC21/slim" xmlns:dcterms="http://purl.org/dc/terms/" xmlns:xsi="http://www.w3.org/2001/XMLSchema-instance" xmlns:doc="http://www.lyncode.com/xoai" xsi:schemaLocation="http://www.loc.gov/MARC21/slim http://www.loc.gov/standards/marcxml/schema/MARC21slim.xsd">
   <leader>00925njm 22002777a 4500</leader>
   <datafield ind2=" " ind1=" " tag="042">
      <subfield code="a">dc</subfield>
   </datafield>
   <datafield ind2=" " ind1=" " tag="720">
      <subfield code="a">Alba Rubio, Claudio</subfield>
      <subfield code="e">author</subfield>
   </datafield>
   <datafield ind2=" " ind1=" " tag="720">
      <subfield code="a">Castejón, David</subfield>
      <subfield code="e">author</subfield>
   </datafield>
   <datafield ind2=" " ind1=" " tag="720">
      <subfield code="a">Remiro, Víctor</subfield>
      <subfield code="e">author</subfield>
   </datafield>
   <datafield ind2=" " ind1=" " tag="720">
      <subfield code="a">Rodríguez Gómez, Juan Miguel</subfield>
      <subfield code="e">author</subfield>
   </datafield>
   <datafield ind2=" " ind1=" " tag="720">
      <subfield code="a">Sobrino, Odón J.</subfield>
      <subfield code="e">author</subfield>
   </datafield>
   <datafield ind2=" " ind1=" " tag="720">
      <subfield code="a">María, Julián de</subfield>
      <subfield code="e">author</subfield>
   </datafield>
   <datafield ind2=" " ind1=" " tag="720">
      <subfield code="a">Fumanal, Pilar</subfield>
      <subfield code="e">author</subfield>
   </datafield>
   <datafield ind2=" " ind1=" " tag="720">
      <subfield code="a">Fumanal, Antonio</subfield>
      <subfield code="e">author</subfield>
   </datafield>
   <datafield ind2=" " ind1=" " tag="720">
      <subfield code="a">Cambero Rodríguez, María Isabel</subfield>
      <subfield code="e">author</subfield>
   </datafield>
   <datafield ind2=" " ind1=" " tag="260">
      <subfield code="c">2023-05-16</subfield>
   </datafield>
   <datafield ind2=" " ind1=" " tag="520">
      <subfield code="a">The metaphylactic use of antimicrobials in swine farms contributes to the emergence of antibiotic-resistant bacteria, which constitutes a major challenge for public health. Alternative strategies are required to eradicate their routine use. In a previous study, metaphylactic antimicrobials were replaced by the administration of Ligilactobacillus salivarius MP100 to sows and piglets for two years. This practice positively modified the fecal microbiota and metabolic profiles in the farm. In this work, the farm dataset was used to compare the productivity-related parameters between a 2-year period of routine metaphylactic antibiotherapy and the first 2 years of a replacement with the probiotic strain. The probiotic period improved these productivity-related parameters, from litter size to growth performance. In addition, samples of Longissimus lumborum, including skin and subcutaneous fat, were obtained from the animals ingesting the probiotic strain and controls (metaphylactic antibiotherapy) and analyzed for their pH, water holding capacity, composition, and metabolic profiling. The probiotic intake did not negatively affect the meat composition and was associated with an increase in inosine concentration and a slight tendency for increasing the intramuscular fat content. These factors are considered as biomarkers of meat quality. In conclusion, the substitution of metaphylactic antimicrobials with the administration of the probiotic strain was associated with beneficial productivity and meat quality outcomes.</subfield>
   </datafield>
   <datafield ind1="8" ind2=" " tag="024">
      <subfield code="a">Alba, C., Castejón, D., Remiro, V., Rodríguez, J. M., Sobrino, O. J., de María, J., Fumanal, P., Fumanal, A., &amp; Cambero, M. I. (2023). Ligilactobacillus salivarius MP100 as an Alternative to Metaphylactic Antimicrobials in Swine: The Impact on Production Parameters and Meat Composition. Animals : an open access journal from MDPI, 13(10), 1653. https://doi.org/10.3390/ani13101653</subfield>
   </datafield>
   <datafield ind1="8" ind2=" " tag="024">
      <subfield code="a">10.3390/ani13101653</subfield>
   </datafield>
   <datafield ind1="8" ind2=" " tag="024">
      <subfield code="a">https://hdl.handle.net/20.500.14352/103958</subfield>
   </datafield>
   <datafield ind1="8" ind2=" " tag="024">
      <subfield code="a">2076-2615</subfield>
   </datafield>
   <datafield ind1="8" ind2=" " tag="024">
      <subfield code="a">https://doi.org/10.3390/ani13101653</subfield>
   </datafield>
   <datafield ind1="8" ind2=" " tag="024">
      <subfield code="a">37238083</subfield>
   </datafield>
   <datafield ind1="8" ind2=" " tag="024">
      <subfield code="a">https://www.mdpi.com/journal/animals</subfield>
   </datafield>
   <datafield ind2="0" ind1="0" tag="245">
      <subfield code="a">Ligilactobacillus salivarius MP100 as an Alternative to Metaphylactic Antimicrobials in Swine: The Impact on Production Parameters and Meat Composition</subfield>
   </datafield>
</record></metadata></record></GetRecord></OAI-PMH>